000 00625nam a22002297a 4500
001 51777
003 BD-RjUL
005 20211209075718.0
008 160903r19941971ii a|||| |||| 00| 0 eng d
020 _a8121906245
035 _a(BD-RjUL)51897
040 _aBD-RjUL
_beng
_cBD-RjUL
041 _aeng
082 _223
_a519.5
_bGUP 1994
100 1 _aGupta, S. P.
_9154891
245 1 0 _aPractical statistics /
_cS. P. Gupta.
250 _aRevised 7th ed.
260 _aNew Delhi :
_bS. chand & co.,
_c1990 [reprinted 1994].
300 _aviii, 563 p. :
_bill. ;
_c21 cm.
650 _aStatistics
_9155180
942 _2ddc
_cBK
999 _c51777
_d51777